Responses for Show #5451 - Monday, April 28, 2008

Contestants

[<< previous game]

Hilary Teeman, a book editor from New York, New York

Tania Clucas, an education specialist from North Pole, Alaska

Ric Leach, a training director from Miami, Florida (whose 1-day cash winnings total $27,300)

[next game >>]

Jeopardy! Round responses

WORLD HISTORY
ATHLETES
WEIGHTS & MEASURES
LANGUAGES
NEWSPAPERS & MAGAZINES
FILL THE "BIL"
    $200 6
(Ric: What is Korea?)

Vietnam

RicTania
    $200 21
(Ric: What is a javelin?)
(Alex: 2 of the 3 things.)
(Ric: [*].)

(2 of) a javelin, a discus & a shotput

Ric
    $200 16
(Hilary: What is the diameter of the Earth?)

a light year

Hilary
Triple Stumper
    $200 1
English

Ric
    $200 26
Oprah Winfrey

Ric
    $200 11
a billboard

Tania
    $400 7
Spartacus

Hilary
    $400 22
(Tania: Who is Comaneci?)
...
(Alex: [*], yes. Nadia Comaneci was Romanian.)

(Olga) Korbut

TaniaHilary
    $400 17
Paris

Hilary
    $400 2
Sicilian

Hilary
    $400 27
Times

Hilary
    $400 12
Bilbo

Ric
    $1,200 8
the Ottoman Empire

Hilary
    $600 23
Torino (Italy)

Ric
    $600 18
degrees

Tania
    $600 3
French

Tania
    $600 28
Ebony magazine

Ric
    $600 13
Biloxi

Tania
    $800 9
Wilhelmina

Triple Stumper
    $800 24
golf

Hilary
    $800 19
2

Triple Stumper
    $800 4
Icelandic

Ric
    $800 29
daily

Ric
    $800 14
Bilbao

Tania
    $1000 10
the Ruhr

Triple Stumper
    $1000 25
Bode Miller

Hilary
    $1000 20
a troy ounce

Tania
    $1000 5
Cantonese

Hilary
    $1000 30
Spin

Tania
    $1000 15
bilirubin

Tania

Scores at the first commercial break (after clue 15):

Ric Tania Hilary
$1,200 $3,400 $3,000

Scores at the end of the Jeopardy! Round:

Ric Tania Hilary
$3,600 $5,600 $5,800

Double Jeopardy! Round responses

"C" IN PHYSICS
MIDDLE INITIAL J.
NONFICTION
THIS & THAT
CANADIAN PROVINCES
ANAGRAMMED BIRDS
    $400 16
condensation

Ric
    $400 11
Rocky & Bullwinkle

Hilary
    $400 6
West Point

Hilary
    $400 21
the rosary

Ric
    $400 1
Quebec

Ric
    $400 26
a pigeon

Ric
    $800 17
a cathode

Tania
    $800 12
Mary J. Blige

Ric
    $800 7
John Steinbeck

Ric
    $800 22
an arcade

Ric
    $800 2
Saskatchewan

Ric
    $800 27
an ostrich

Ric
    $1200 18
capillary

Tania
    $1200 13
A.J. Foyt

Ric
    $4,000 8
(Ric: Who is Jack Kerouac?)

Thomas Wolfe

Ric
    $2,000 23
Europe & Asia

Ric
    $1200 3
Ontario

Triple Stumper
    $1200 28
pelican

Tania
    $1600 19
the cyclotron

Triple Stumper
    $1600 14
(Henry J.) Heinz

Ric
    $1600 9
Hunter S. Thompson

Tania
    $1600 24
the usual supects

Hilary
    $1600 4
Manitoba

Ric
    $1600 29
a swallow

Ric
    $2000 20
(Tania: What is centrifugal force?)

the Coriolis effect

Tania
Triple Stumper
    $2000 15
(Daniel J.) Boorstin

Tania
    $2000 10
(Jon) Krakauer

Hilary
    $2000 25
an affidavit

Hilary
    $2000 5
Prince Edward Island

Ric
    $2000 30
pheasant

Tania

Scores at the end of the Double Jeopardy! Round:

Ric Tania Hilary
$15,200 $12,400 $12,200

[wagering suggestions for these scores]

Final Jeopardy! Round responses

ROYAL WIVES
(Alex: [Revealing Ric's response] No, remember, she got her head lopped off, but [*] is the one whose marriage to Henry was annulled, and she outlived him by ten years.)
HilaryWho is Catherine?
$12,000
TaniaWho is Katherine Neville?
$12,299
RicWho is Anne Boleyn?
$9,700
Anne of Cleves

Final scores:

Ric Tania Hilary
$5,500 $101 $200
2-day champion: $32,800 3rd place: $1,000 2nd place: $2,000

Game dynamics:

Coryat scores:

Ric Tania Hilary
$18,400 $12,400 $11,600
23 R
(including 1 DD),
2 W
(including 1 DD)
15 R,
2 W
14 R
(including 1 DD),
1 W

Combined Coryat: $42,400

[game clues] [game scores] [suggest correction]

Game tape date: 2008-02-13
The J! Archive is created by fans, for fans. Scraping, republication, monetization, and malicious use prohibited; this site may use cookies and collect identifying information. See terms. The Jeopardy! game show and all elements thereof, including but not limited to copyright and trademark thereto, are the property of Jeopardy Productions, Inc. and are protected under law. This website is not affiliated with, sponsored by, or operated by Jeopardy Productions, Inc. Join the discussion at JBoard.tv.